000 00614cam a2200229 4500500
005 20260329004155.0
041 _afre
042 _adc
100 1 0 _aLacroix, Alexandre
_eauthor
245 0 0 _aRevoir les étoiles
260 _c2018.
500 _a23
690 _aCiel
690 _aEmerson
690 _aEspace
690 _aÉtoiles
690 _aMaroc
690 _anuit
690 _aRousseau
786 0 _nPhilosophie magazine | 124 | 11 | 2018-11-01 | p. 11-11 | 1951-1787
856 4 1 _uhttps://shs.cairn.info/magazine-philosophie-magazine-2018-11-page-11?lang=fr&redirect-ssocas=7080
999 _c1831406
_d1831406